000 00828nas a2200277 4500
001 BR8904208
003 BR-BrBNA
005 20231205091658.0
007 ta
008 230509b bl.|||p| |||| 00| 00por d
040 _aBR-BrBNA
_bpor
_cBiblioteca Nacional de Agricultura
041 _a(Pt)
072 _aH20; H10
100 1 _aBatista, M.F.
100 1 _aCosta, C.L.
100 1 _aKitajima, E.W.
100 1 _aLin, M.T.
245 1 _aTransmissao de um isolado do virus do mosaico severo do caupi por besouros crisomelideos
650 _aFEIJAO DE CORDA
650 _aMOSAICO
650 _aVIRUS
650 _aTRANSMISSAO DE DOENCA
773 0 _tFitopatologia Brasileira (Brazil)
_xISSN 0100-4158
_g(Oct 1988), v. 13(3) p. 264-268
_wBR8904208
909 _a202311
_bLúcia
_c55
_dLúcia Elande
942 _2AGRIS
_n0
_cANA
999 _c126640
_d126640